000 00464nam a2200181Ia 4500
005 20250326124001.0
008 250326s9999 xx 000 0 und d
037 _aTextbook
040 _aFMSL
_beng
_cFMSL
041 _aeng
_2eng
084 _aXx L2
_qFMSL
100 _aHarrod R
_9736553
245 0 _aEconomic essays
_cHarrod R
260 _aLondon
_bLondon, Macmillan
_c1972
300 _a317p
942 _cTB
_hXx L2
999 _c1271763
_d1271763